South America Capitals Types In - Statistics

General Stats
  • This quiz has been taken 14 times
  • The average score is 12 of 13
Answers on the Map
Answers color-coded by a green-red scale on the quiz's map according to % correct below.
 
Answer Stats
Answer % Correct
Bogota
100%
Brasilia
100%
Buenos Aires
100%
Lima
100%
Santiago
100%
Asuncion
92%
Caracas
92%
La Paz
92%
Montevideo
92%
Sucre
92%
Quito
83%
Georgetown
75%
Paramaribo
75%
No matching quizzes found
Score Distribution
Percent of People with Each Score
Percentile by Number Answered
Your Score History
You have not taken this quiz